000
00252nam a2200097Ia 4500
008
230915s9999 xx 000 0 und d
050
_a
Z 695 .Z8 S78 1990
100
_a
STUDWELL,WILLIAM E.
245
0
_a
LIBRARY OF CONGRESS SUBJECT HEADING
942
_c
BK
999
_c
206777
_d
206777